000 01164 a2200205 4500
001 28215
005 20260407155554.0
008 260407a1982 arg spa d
003 AR-UNSa-BCEJYS
040 _aAR-UNSa-BCEJYS
_bspa
_cAR-UNSa-BCEJYS
080 _a347.626.97
_xLiquidación de gananciales. Disolución de la comunidad. Participación en el procedimiento. Restitución de la propiedad compartida
245 1 0 _aLiquidación de la sociedad conyugal por causa de divorcio
_p(procedimiento)
250 _a2a. ed.
264 1 _aBuenos Aires :
_bLa Ley
_c1982
300 _axv, 166 p.
_c24 cm.
505 _a1. Pautas legales para la liquidación de la sociedad conyugal por causa de divorcio - 2. Restitución de los bienes propios - 3. Liquidación simultanea de sociedades sucesicas o superpuestas - 4. El transito hacia la partición - 5. Liquidación privada - 6. Partición mixta - 8. Liquidación judicial: generalidades - 9. Liquidación judicial: inventario y avalúo - 10. Liquidación judicial: administración - 11. Liquidación judicial: La partición
942 _cBK
590 _aniveau_biblio:m niveau_hierar:0
100 1 _aEscribano, Carlos
999 _c1674
_d1674